[Event "Lienz op 16th"]
[Site "Lienz"]
[Date "2011.02.13"]
[Round "2"]
[White "Wiesend, Bruno"]
[Black "Schnider, Gert"]
[Result "0-1"]
[WhiteElo "2065"]
[BlackElo "2349"]
[PlyCount "60"]
[EventDate "2011.02.12"]
[EventType "swiss"]
[EventRounds "9"]
[EventCountry "AUT"]
[SourceTitle "CBM 140 Extra"]
[Source "ChessBase"]
[SourceDate "2011.03.01"]
[SourceVersion "1"]
[SourceVersionDate "2011.03.01"]
[SourceQuality "1"]

1. d4 d5 2. Nf3 Nf6 3. e3 c5 4. c4 cxd4 5. exd4 Nc6 6. Nc3 Bg4 7. cxd5 Nxd5 8. Be2 e6 9. 0-0 Be7 10. Ne5 Bxe2 11. Nxc6 Bxd1 12. Nxd8 Nxc3 13. bxc3 Be2 14. Nxb7 Bxf1 15. Kxf1 Rb8 16. Na5 Kd7 17. Bf4 Bd6 18. Bxd6 Kxd6 19. Nb3 Rhc8 20. Rc1 a5 21. Nxa5 Ra8 22. Nb7+ Kc7 23. Nc5 Rxa2 24. h4 Rb8 25. Nd3 Rb3 26. Ke1 Kd6 27. g3 f6 28. Nb4 Raa3 29. Kd2 Rb2+ 30. Ke3 Rxb4 0-1

[Event "Dresden ZMD op"]
[Site "Dresden"]
[Date "2008.07.27"]
[Round "9"]
[White "Pitschka, Claus"]
[Black "Wiesend, Bruno"]
[Result "1-0"]
[WhiteElo "2301"]
[BlackElo "2143"]
[PlyCount "45"]
[EventDate "2008.07.19"]
[EventType "swiss"]
[EventRounds "9"]
[EventCountry "GER"]
[SourceTitle "CBM 125 Extra"]
[Source "ChessBase"]
[SourceDate "2008.09.01"]
[SourceVersion "1"]
[SourceVersionDate "2008.09.01"]
[SourceQuality "1"]

1. e4 c6 2. d4 d5 3. e5 c5 4. c3 Nc6 5. Be3 cxd4 6. cxd4 Qb6 7. Qd2 Bf5 8. Nc3 e6 9. h3 Bg6 10. Nge2 Nge7 11. g4 h5 12. Ng3 hxg4 13. hxg4 Rxh1 14. Nxh1 0-0-0 15. f4 f6 16. Ng3 fxe5 17. fxe5 Nxe5 18. dxe5 d4 19. Na4 Qc7 20. Bf4 Nc6 21. a3 Bc2 22. Qxc2 Qa5+ 23. b4 1-0

[Event "Dresden ZMD op"]
[Site "Dresden"]
[Date "2008.07.26"]
[Round "8"]
[White "Wiesend, Bruno"]
[Black "Liebscher, Helmar"]
[Result "1-0"]
[WhiteElo "2143"]
[BlackElo "1947"]
[PlyCount "69"]
[EventDate "2008.07.19"]
[EventType "swiss"]
[EventRounds "9"]
[EventCountry "GER"]
[SourceTitle "CBM 125 Extra"]
[Source "ChessBase"]
[SourceDate "2008.09.01"]
[SourceVersion "1"]
[SourceVersionDate "2008.09.01"]
[SourceQuality "1"]

1. d4 Nf6 2. Nf3 e6 3. c4 b6 4. g3 Bb7 5. Bg2 d5 6. 0-0 Nbd7 7. b3 Be7 8. Bb2 0-0 9. Nbd2 Ne4 10. Ne5 f5 11. Nd3 c5 12. Nf4 Qc8 13. Nxe6 Rf7 14. cxd5 Bxd5 15. Nf4 Bb7 16. Rc1 g5 17. Nd3 g4 18. Nc4 Ng5 19. f3 f4 20. Nde5 fxg3 21. Nxf7 gxh2+ 22. Kxh2 Nxf7 23. Qe1 b5 24. Ne5 Ndxe5 25. dxe5 Qe6 26. Qg3 Qh6+ 27. Kg1 Qe3+ 28. Rf2 Bg5 29. f4 Bxf4 30. Bxb7 Rd8 31. Qxe3 Bxe3 32. Kg2 Bxc1 33. Bxc1 Nxe5 34. Rf5 Rd1 35. Bb2 1-0

[Event "Dresden ZMD op"]
[Site "Dresden"]
[Date "2008.07.23"]
[Round "5"]
[White "Heck, Norbert"]
[Black "Wiesend, Bruno"]
[Result "1-0"]
[WhiteElo "2312"]
[BlackElo "2143"]
[PlyCount "51"]
[EventDate "2008.07.19"]
[EventType "swiss"]
[EventRounds "9"]
[EventCountry "GER"]
[SourceTitle "CBM 125 Extra"]
[Source "ChessBase"]
[SourceDate "2008.09.01"]
[SourceVersion "1"]
[SourceVersionDate "2008.09.01"]
[SourceQuality "1"]

1. Nf3 d5 2. g3 Nf6 3. Bg2 c6 4. c4 g6 5. 0-0 Bg7 6. cxd5 cxd5 7. d4 0-0 8. Nc3 e6 9. Ne5 Nfd7 10. f4 Nc6 11. Be3 Ndxe5 12. fxe5 Qb6 13. Na4 Qb5 14. Rc1 Bd7 15. Nc5 Be8 16. Qd2 Rb8 17. Bh3 b6 18. Nd3 Bd7 19. Nf4 Rb7 20. Rc3 Rfb8 21. Bg4 Na5 22. Nh5 gxh5 23. Bh6 Bxh6 24. Qxh6 f5 25. exf6 Be8 26. Bxe6+ 1-0

[Event "Dresden ZMD op"]
[Site "Dresden"]
[Date "2008.07.22"]
[Round "4"]
[White "Wiesend, Bruno"]
[Black "D'Alessio, Angelo"]
[Result "1-0"]
[WhiteElo "2143"]
[BlackElo "2021"]
[PlyCount "73"]
[EventDate "2008.07.19"]
[EventType "swiss"]
[EventRounds "9"]
[EventCountry "GER"]
[SourceTitle "CBM 125 Extra"]
[Source "ChessBase"]
[SourceDate "2008.09.01"]
[SourceVersion "1"]
[SourceVersionDate "2008.09.01"]
[SourceQuality "1"]

1. d4 Nf6 2. Nf3 e6 3. c4 Bb4+ 4. Bd2 Qe7 5. g3 Nc6 6. Bg2 Bxd2+ 7. Nbxd2 d6 8. e4 e5 9. d5 Nb8 10. 0-0 0-0 11. Qc2 a5 12. b3 Na6 13. a3 Nh5 14. Ne1 g5 15. Nd3 f5 16. exf5 Bxf5 17. Ne4 b6 18. b4 axb4 19. axb4 Nf6 20. f3 Rfc8 21. Qd2 Bxe4 22. fxe4 Qg7 23. Ra2 c5 24. dxc6 Nc7 25. Rfa1 Rxa2 26. Rxa2 Ne6 27. b5 h6 28. Nb4 Nd4 29. Nc2 Nxc2 30. Qxc2 g4 31. Qd2 Ne8 32. Ra6 Rb8 33. Qd5+ Kf8 34. Qd2 Kg8 35. Qe3 Qg5 36. Qxg5+ hxg5 37. Ra7 1-0

[Event "Regionalliga SW 0405"]
[Site "Bayern"]
[Date "2004.12.12"]
[Round "4.2"]
[White "Wiesend, Bruno"]
[Black "Wolf, Armin"]
[Result "0-1"]
[WhiteElo "2246"]
[BlackElo "2189"]
[PlyCount "90"]
[EventDate "2004.10.24"]
[EventType "team-tourn"]
[EventRounds "9"]
[EventCountry "GER"]
[SourceTitle "EXT 2007"]
[Source "ChessBase"]
[SourceDate "2006.11.23"]
[SourceVersion "1"]
[SourceVersionDate "2006.11.23"]
[SourceQuality "1"]
[WhiteTeam "Muenchen RTA"]
[BlackTeam "Haunstetten"]
[WhiteTeamCountry "GER"]
[BlackTeamCountry "GER"]

1. d4 Nf6 2. Nf3 g6 3. Bf4 Bg7 4. e3 0-0 5. h3 d6 6. c3 Nfd7 7. Nbd2 e5 8. Bg5 Qe8 9. Qc2 Nc6 10. 0-0-0 h6 11. Bh4 f5 12. Bc4+ Kh8 13. Rhe1 Rb8 14. g4 b5 15. Bd5 Ne7 16. Be6 e4 17. Ng1 g5 18. Bg3 f4 19. Bh2 d5 20. Ne2 f3 21. Ng3 Ne5 22. dxe5 Bxe6 23. Nh5 c5 24. Nxg7 Kxg7 25. Nf1 h5 26. Ng3 h4 27. Nh5+ Kh6 28. Nf6 Qg6 29. Kb1 Rb6 30. Rd2 Rfb8 31. Red1 Qf7 32. Ka1 c4 33. Qc1 R8b7 34. Qc2 b4 35. cxb4 Rxb4 36. Qc3 Qf8 37. Qa3 Qb8 38. Rc1 Kg7 39. Rc3 Ng6 40. Rcc2 R7b6 41. Rd1 Qb7 42. Qc3 Ra6 43. Qd4 Rba4 44. a3 Qb3 45. Rdd2 c3 0-1

[Event "Regionalliga SW 0203"]
[Site "Bayern"]
[Date "2003.03.09"]
[Round "8.4"]
[White "Kraenzle, Harald"]
[Black "Wiesend, Bruno"]
[Result "1-0"]
[WhiteElo "2149"]
[BlackElo "2073"]
[PlyCount "99"]
[EventDate "2002.10.20"]
[EventType "team"]
[EventRounds "9"]
[EventCountry "GER"]
[SourceTitle "EXT 2004"]
[Source "ChessBase"]
[SourceDate "2003.11.25"]
[SourceVersion "1"]
[SourceVersionDate "2003.11.25"]
[SourceQuality "1"]
[WhiteTeam "Garching"]
[BlackTeam "Muenchen RTA"]
[WhiteTeamCountry "GER"]
[BlackTeamCountry "GER"]

1. e4 c5 2. Nc3 Nc6 3. f4 g6 4. Nf3 Bg7 5. Bb5 Nd4 6. Nxd4 cxd4 7. Ne2 Qb6 8. Bc4 e6 9. d3 Ne7 10. 0-0 0-0 11. Ng3 f5 12. Kh1 d5 13. Bb3 a5 14. a4 Bd7 15. Qe1 Qc5 16. Bd2 Nc6 17. Rc1 Nb4 18. Qe2 Nc6 19. Qf3 Ne7 20. c3 Qb6 21. Qd1 Rac8 22. c4 dxc4 23. Bxc4 Kh8 24. b3 Nc6 25. Bb5 Nb8 26. Rxc8 Rxc8 27. Bc4 Nc6 28. h4 Qd8 29. Rf3 Qxh4+ 30. Kg1 Nb4 31. Qe1 Nc2 32. Qe2 Nb4 33. Nf1 Qd8 34. Rh3 Qe8 35. Qe1 Bf6 36. Bxb4 axb4 37. Qxb4 Bc6 38. Nd2 e5 39. exf5 exf4 40. fxg6 Qxg6 41. Ne4 Rg8 42. Bxg8 Kxg8 43. Qd6 Bxe4 44. Qe6+ Kg7 45. Qxe4 Qxe4 46. dxe4 Kg6 47. Kf2 h5 48. Ke2 h4 49. Kf3 Kg5 50. Rh1 1-0

[Event "Bad Woerishofen op 16th"]
[Site "Bad Woerishofen"]
[Date "2000.03.17"]
[Round "1"]
[White "Meyer, Thomas"]
[Black "Wiesend, Bruno"]
[Result "1/2-1/2"]
[WhiteElo "1740"]
[BlackElo "2170"]
[PlyCount "81"]
[EventDate "2000.03.??"]
[EventType "swiss"]
[EventRounds "9"]
[EventCountry "GER"]
[SourceTitle "CBM 075 Extra"]
[Source "ChessBase"]
[SourceDate "2000.05.11"]
[SourceVersion "2"]
[SourceVersionDate "2000.05.11"]
[SourceQuality "1"]

1. d4 Nf6 2. Nf3 e6 3. e3 b6 4. Bd3 Bb7 5. Nbd2 d5 6. Qe2 Nbd7 7. e4 dxe4 8. Nxe4 Be7 9. 0-0 0-0 10. Rd1 Nxe4 11. Bxe4 Bxe4 12. Qxe4 Nf6 13. Qc6 Qd6 14. Qxd6 Bxd6 15. Bg5 Nd7 16. Bh4 h6 17. Bg3 Bxg3 18. hxg3 Rfd8 19. Rd2 Nf6 20. Rad1 Rd6 21. c4 Rad8 22. Kf1 Ne4 23. Rd3 a5 24. Ke2 Nf6 25. Ne5 Nd7 26. Nxd7 R6xd7 27. f4 Kf8 28. Ke3 f5 29. d5 Ke7 30. b3 Kf6 31. a3 Ke7 32. b4 axb4 33. axb4 Kf6 34. dxe6 Rxd3+ 35. Rxd3 Rxd3+ 36. Kxd3 c6 37. b5 cxb5 38. cxb5 Kxe6 39. Kc4 Kd6 40. Kd4 Ke6 41. Kc4 1/2-1/2

[Event "Regionalliga SW 9596"]
[Site "Bayern"]
[Date "1996.??.??"]
[Round "?"]
[White "Wiesend, Bruno"]
[Black "Huebner, Lothar"]
[Result "0-1"]
[WhiteElo "1965"]
[BlackElo "2170"]
[PlyCount "120"]
[EventDate "1995.10.??"]
[EventType "team-tourn"]
[EventRounds "9"]
[EventCountry "GER"]
[SourceTitle "EXT 1999"]
[Source "ChessBase"]
[SourceDate "1998.11.16"]
[SourceVersion "1"]
[SourceVersionDate "1998.11.16"]
[SourceQuality "1"]
[WhiteTeam "Muenchen RT"]
[BlackTeam "Augsburg SG 1873"]
[WhiteTeamCountry "GER"]
[BlackTeamCountry "GER"]

1. d4 d5 2. c4 Bf5 3. Nc3 Nf6 4. Nf3 e6 5. Qb3 Nc6 6. a3 Rb8 7. e3 Be7 8. Qd1 0-0 9. b4 Ne4 10. Bb2 Bg6 11. Bd3 f5 12. Qb3 Bf7 13. 0-0 Bf6 14. Rfd1 g5 15. Ne2 Ne7 16. Ne5 c6 17. c5 Bg7 18. a4 Ng6 19. Nxg6 Bxg6 20. b5 Qf6 21. f3 Nxc5 22. dxc5 Qxb2 23. Qxb2 Bxb2 24. Rab1 Be5 25. Nd4 Bf7 26. bxc6 Bxd4 27. exd4 bxc6 28. Ba6 Kg7 29. a5 Kf6 30. Bb7 Be8 31. Re1 Bd7 32. a6 Rfe8 33. Re5 Bc8 34. g4 Bxb7 35. axb7 Re7 36. gxf5 exf5 37. Rxe7 Kxe7 38. Kf2 f4 39. h4 h6 40. hxg5 hxg5 41. Rh1 Kf6 42. Rh7 Kf5 43. Rf7+ Kg6 44. Rc7 Kh5 45. Rh7+ Kg6 46. Rc7 Kh5 47. Ke2 a5 48. Kd3 Kh4 49. Rg7 Kg3 50. Rxg5+ Kxf3 51. Rg7 a4 52. Kc3 a3 53. Re7 Kg2 54. Rg7+ Kf2 55. Kb3 Ke3 56. Kxa3 Kxd4 57. Kb4 f3 58. Rf7 f2 59. Kb3 Rxb7+ 60. Kc2 Rxf7 0-1

[Event "Regionalliga SW 9596"]
[Site "Bayern"]
[Date "1996.??.??"]
[Round "?"]
[White "Wiesend, Bruno"]
[Black "Marschner, Guenter"]
[Result "1-0"]
[WhiteElo "1965"]
[BlackElo "1930"]
[PlyCount "91"]
[EventDate "1995.10.??"]
[EventType "team-tourn"]
[EventRounds "9"]
[EventCountry "GER"]
[SourceTitle "EXT 1999"]
[Source "ChessBase"]
[SourceDate "1998.11.16"]
[SourceVersion "1"]
[SourceVersionDate "1998.11.16"]
[SourceQuality "1"]
[WhiteTeam "Muenchen RT"]
[BlackTeam "Sonthofen"]
[WhiteTeamCountry "GER"]
[BlackTeamCountry "GER"]

1. d4 e6 2. c4 Nf6 3. Nc3 Bb4 4. Qc2 0-0 5. a3 Bxc3+ 6. Qxc3 b6 7. Bg5 Bb7 8. Nf3 d6 9. e3 Nbd7 10. Be2 Qe8 11. Bxf6 Nxf6 12. 0-0 Ne4 13. Qc2 f5 14. Nd2 Qg6 15. f3 Nxd2 16. Qxd2 Rf6 17. b4 Raf8 18. d5 Qf7 19. e4 Rh6 20. Bd3 f4 21. dxe6 Qxe6 22. Rfd1 Qf6 23. Qf2 Qe5 24. Rac1 Qh5 25. h3 Bc8 26. Kf1 Rg6 27. Ke1 Bb7 28. Rd2 Rg5 29. Kd1 Re5 30. Kc2 Qe8 31. Kb2 Kh8 32. Bb1 Bc6 33. Qd4 Bd7 34. c5 bxc5 35. bxc5 Qb8+ 36. Ka1 Re6 37. Ba2 Rg6 38. e5 Be6 39. cxd6 c5 40. Rxc5 Bxa2 41. Kxa2 Qb6 42. Rb2 Qa6 43. Rc7 Qf1 44. d7 Rxg2 45. Rc8 Rxb2+ 46. Qxb2 1-0

[Event "Regionalliga SW 9596"]
[Site "Bayern"]
[Date "1995.??.??"]
[Round "?"]
[White "Nierlich, Gerhard"]
[Black "Wiesend, Bruno"]
[Result "0-1"]
[WhiteElo "1875"]
[BlackElo "1965"]
[PlyCount "130"]
[EventDate "1995.10.??"]
[EventType "team-tourn"]
[EventRounds "9"]
[EventCountry "GER"]
[SourceTitle "EXT 1999"]
[Source "ChessBase"]
[SourceDate "1998.11.16"]
[SourceVersion "1"]
[SourceVersionDate "1998.11.16"]
[SourceQuality "1"]
[WhiteTeam "Lauingen"]
[BlackTeam "Muenchen RT"]
[WhiteTeamCountry "GER"]
[BlackTeamCountry "GER"]

1. d4 Nf6 2. Nf3 e6 3. Bg5 Be7 4. Nbd2 d5 5. e3 0-0 6. Bd3 c5 7. c3 Nc6 8. 0-0 Nd7 9. Bxe7 Qxe7 10. e4 cxd4 11. Nxd4 Nxd4 12. cxd4 dxe4 13. Bxe4 Nf6 14. Bf3 Rd8 15. Qa4 Bd7 16. Qa5 b6 17. Qe5 Rac8 18. Rfc1 Be8 19. Nb3 Qd7 20. h3 h6 21. Rxc8 Rxc8 22. Rc1 Rxc1+ 23. Nxc1 Qc8 24. Qe1 Bb5 25. Qc3 Qxc3 26. bxc3 Nd5 27. Bxd5 exd5 28. f4 f6 29. Kf2 g5 30. g3 Kf7 31. Ke3 Bf1 32. h4 gxh4 33. gxh4 Ke6 34. a3 Bc4 35. Kf3 Kf5 36. h5 a5 37. a4 Ba6 38. Nb3 Bd3 39. Nd2 Bc2 40. c4 dxc4 41. Nxc4 Bxa4 42. d5 Bd1+ 43. Kg3 Bxh5 44. Nxb6 Be2 45. d6 Ke6 46. d7 Ke7 47. Nd5+ Kxd7 48. Nxf6+ Ke6 49. Ne4 Bc4 50. Kf2 Bd5 51. Nc3 Bc6 52. Ke3 a4 53. Kd2 Kf5 54. Ne2 Ke4 55. f5 Be8 56. f6 Ke5 57. Ng3 Kxf6 58. Kc3 Bc6 59. Kb4 Ke5 60. Ka3 Kf4 61. Nh5+ Kg5 62. Ng7 Bd7 63. Kb4 Kg6 64. Ne6 Bxe6 65. Kxa4 Kf5 0-1